[Event "Otvoreno prvenstvo Paraæina za 2012. god"]
[Site "DCK - Paraæin"]
[Date "2012.01.22"]
[Round "4.1"]
[White "Zlatanovic, Boroljub"]
[Black "Popovic, Djordje D"]
[Result "1-0"]
[WhiteElo "2434"]
[BlackElo "2260"]
[PlyCount "61"]
[EventDate "2012.01.20"]

1. c4 {[%emt 0:00:00]} c5 {[%emt 0:00:00]} 2. Nc3 Nc6 3. g3 g6 4. Bg2 Bg7 5. e4
e6 6. Nge2 Nge7 7. h4 h5 8. d3 d6 9. Rb1 Rb8 10. Be3 e5 11. a3 Bd7 12. b4 b6
13. O-O O-O 14. Qd2 Kh7 15. Kh2 f5 16. Bg5 Bf6 17. Bxf6 Rxf6 18. exf5 Bxf5 19.
Ne4 Bxe4 20. Bxe4 Nd4 21. Nxd4 cxd4 22. Qg5 Kg7 23. f4 Qf8 24. fxe5 Rxf1 25.
Rxf1 Qxf1 26. Qxe7+ Kh8 27. Qg5 Qe2+ 28. Bg2 dxe5 29. Qh6+ Kg8 30. Qxg6+ Kh8
31. Kh3 1-0

[Event "Otvoreno prvenstvo Paraæina za 2012. god"]
[Site "DCK - Paraæin"]
[Date "2012.01.22"]
[Round "4.2"]
[White "Kojovic, Dragan"]
[Black "Radosavljevic, Slobodan D"]
[Result "1-0"]
[WhiteElo "2387"]
[BlackElo "2231"]
[PlyCount "35"]
[EventDate "2012.01.20"]

1. e4 {[%emt 0:00:00]} c5 {[%emt 0:00:00]} 2. Nf3 {[%emt 0:00:00]} g6 {[%emt 0:
00:00]} 3. d4 {[%emt 0:00:00]} cxd4 {[%emt 0:00:00]} 4. Qxd4 {[%emt 0:00:00]}
Nf6 {[%emt 0:00:00]} 5. Nc3 {[%emt 0:00:00]} Nc6 {[%emt 0:00:00]} 6. Qa4 {
[%emt 0:00:00]} d6 {[%emt 0:00:00]} 7. e5 {[%emt 0:00:00]} dxe5 {[%emt 0:00:00]
} 8. Nxe5 {[%emt 0:00:00]} Bg7 {[%emt 0:00:00]} 9. Bb5 {[%emt 0:00:00]} O-O {
[%emt 0:00:00]} 10. Nxc6 {[%emt 0:00:00]} bxc6 {[%emt 0:00:00]} 11. Bxc6 {
[%emt 0:00:00]} Rb8 {[%emt 0:00:00]} 12. O-O {[%emt 0:00:00]} Qc7 {[%emt 0:00:
00]} 13. h3 {[%emt 0:00:00]} Bf5 {[%emt 0:00:00]} 14. Bf3 {[%emt 0:00:00]} a5 {
[%emt 0:00:00]} 15. a3 {[%emt 0:00:00]} Rfc8 {[%emt 0:00:00]} 16. Re1 {[%emt 0:
00:00]} e5 {[%emt 0:00:00]} 17. Be2 {[%emt 0:00:00]} Rd8 {[%emt 0:00:00]} 18.
Qc4 {[%emt 0:00:00] time} 1-0

[Event "Otvoreno prvenstvo Paraæina za 2012. god"]
[Site "DCK - Paraæin"]
[Date "2012.01.22"]
[Round "4.3"]
[White "Dinic, Dragan"]
[Black "Milovanovic, Srboljub"]
[Result "1-0"]
[WhiteElo "2310"]
[BlackElo "2203"]
[PlyCount "45"]
[EventDate "2012.01.20"]

1. e4 {[%emt 0:00:00]} c5 {[%emt 0:00:00]} 2. Nf3 {[%emt 0:00:00]} Nc6 {[%emt
0:00:00]} 3. c3 {[%emt 0:00:00]} d5 {[%emt 0:00:00]} 4. exd5 {[%emt 0:00:00]}
Qxd5 {[%emt 0:00:00]} 5. d4 {[%emt 0:00:00]} Bg4 {[%emt 0:00:00]} 6. Be2 {
[%emt 0:00:00]} cxd4 {[%emt 0:00:00]} 7. cxd4 {[%emt 0:00:00]} e6 {[%emt 0:00:
00]} 8. Nc3 {[%emt 0:00:00]} Qa5 {[%emt 0:00:00]} 9. O-O {[%emt 0:00:00]} Nf6 {
[%emt 0:00:00]} 10. a3 {[%emt 0:00:00]} Be7 {[%emt 0:00:00]} 11. Be3 {[%emt 0:
00:00]} O-O {[%emt 0:00:00]} 12. Qb3 {[%emt 0:00:00]} Qc7 {[%emt 0:00:00]} 13.
Rac1 {[%emt 0:00:00]} Rac8 {[%emt 0:00:00]} 14. h3 {[%emt 0:00:00]} Bh5 {[%emt
0:00:00]} 15. d5 {[%emt 0:00:00]} exd5 {[%emt 0:00:00]} 16. Nxd5 {[%emt 0:00:
00]} Nxd5 {[%emt 0:00:00]} 17. Qxd5 {[%emt 0:00:00]} Bxf3 {[%emt 0:00:00]} 18.
Bxf3 {[%emt 0:00:00]} Bf6 {[%emt 0:00:00]} 19. b4 {[%emt 0:00:00]} Qb8 {[%emt
0:00:00]} 20. Qf5 {[%emt 0:00:00]} Bb2 {[%emt 0:00:00]} 21. Rcd1 {[%emt 0:00:
00]} Bxa3 {[%emt 0:00:00]} 22. Bf4 {[%emt 0:00:00]} Qa8 {[%emt 0:00:00]} 23.
Be4 {[%emt 0:00:00]} 1-0

[Event "Otvoreno prvenstvo Paraæina za 2012. god"]
[Site "DCK - Paraæin"]
[Date "2012.01.22"]
[Round "4.4"]
[White "Madic, Zivko"]
[Black "Brankovic, Dejan"]
[Result "0-1"]
[WhiteElo "2131"]
[BlackElo "2350"]
[PlyCount "72"]
[EventDate "2012.01.20"]

1. d4 {[%emt 0:00:00]} Nf6 {[%emt 0:00:00]} 2. Nf3 {[%emt 0:00:00]} c5 {[%emt
0:00:00]} 3. d5 {[%emt 0:00:00]} g6 {[%emt 0:00:00]} 4. Nc3 {[%emt 0:00:00]} d6
{[%emt 0:00:00]} 5. g3 {[%emt 0:00:00]} Bg7 {[%emt 0:00:00]} 6. Bg2 {[%emt 0:
00:00]} b5 {[%emt 0:00:00]} 7. O-O {[%emt 0:00:00]} b4 {[%emt 0:00:00]} 8. Nb1
{[%emt 0:00:00]} Nbd7 {[%emt 0:00:00]} 9. Nbd2 {[%emt 0:00:00]} Nb6 {[%emt 0:
00:00]} 10. e4 {[%emt 0:00:00]} O-O {[%emt 0:00:00]} 11. Re1 {[%emt 0:00:00]}
a5 {[%emt 0:00:00]} 12. Nf1 {[%emt 0:00:00]} e6 {[%emt 0:00:00]} 13. Ne3 {
[%emt 0:00:00]} exd5 {[%emt 0:00:00]} 14. exd5 {[%emt 0:00:00]} Ba6 {[%emt 0:
00:00]} 15. Nd2 {[%emt 0:00:00]} Re8 {[%emt 0:00:00]} 16. Ndf1 {[%emt 0:00:00]}
Qc7 {[%emt 0:00:00]} 17. g4 {[%emt 0:00:00]} Bb7 {[%emt 0:00:00]} 18. c4 {
[%emt 0:00:00]} bxc3 {[%emt 0:00:00]} 19. bxc3 {[%emt 0:00:00]} Ne4 {[%emt 0:
00:00]} 20. Bb2 {[%emt 0:00:00]} Nxc3 {[%emt 0:00:00]} 21. Qc2 {[%emt 0:00:00]}
Nba4 {[%emt 0:00:00]} 22. Ba3 {[%emt 0:00:00]} Ba6 {[%emt 0:00:00]} 23. Rac1 {
[%emt 0:00:00]} Qd7 {[%emt 0:00:00]} 24. Nd2 {[%emt 0:00:00]} Ne2+ {[%emt 0:00:
00]} 25. Rxe2 {[%emt 0:00:00]} Bxe2 {[%emt 0:00:00]} 26. Ne4 {[%emt 0:00:00]}
Ba6 {[%emt 0:00:00]} 27. Nxd6 {[%emt 0:00:00]} Qxd6 {[%emt 0:00:00]} 28. Qxa4 {
[%emt 0:00:00]} Rec8 {[%emt 0:00:00]} 29. Qd1 {[%emt 0:00:00]} Rab8 {[%emt 0:
00:00]} 30. Qd2 {[%emt 0:00:00]} a4 {[%emt 0:00:00]} 31. Qa5 {[%emt 0:00:00]}
Bb5 {[%emt 0:00:00]} 32. Rb1 {[%emt 0:00:00]} Qd7 {[%emt 0:00:00]} 33. g5 {
[%emt 0:00:00]} Bd4 {[%emt 0:00:00]} 34. h3 {[%emt 0:00:00]} Bd3 {[%emt 0:00:
00]} 35. Rxb8 {[%emt 0:00:00]} Rxb8 {[%emt 0:00:00]} 36. Ng4 {[%emt 0:00:00]}
Rb1+ {[%emt 0:00:00]} 0-1

[Event "Otvoreno prvenstvo Paraæina za 2012. god"]
[Site "DCK - Paraæin"]
[Date "2012.01.22"]
[Round "4.5"]
[White "Radovanovic, Nikola"]
[Black "Milosevic, Aleksandar"]
[Result "1/2-1/2"]
[WhiteElo "2092"]
[BlackElo "2276"]
[PlyCount "31"]
[EventDate "2012.01.20"]

1. e4 {[%emt 0:00:00]} c5 {[%emt 0:00:00]} 2. Nf3 {[%emt 0:00:00]} d6 {[%emt 0:
00:00]} 3. d4 {[%emt 0:00:00]} cxd4 {[%emt 0:00:00]} 4. Nxd4 {[%emt 0:00:00]}
Nf6 {[%emt 0:00:00]} 5. Nc3 {[%emt 0:00:00]} a6 {[%emt 0:00:00]} 6. Bg5 {[%emt
0:00:00]} Nc6 {[%emt 0:00:00]} 7. Qd2 {[%emt 0:00:00]} e6 {[%emt 0:00:00]} 8.
Be2 {[%emt 0:00:00]} Bd7 {[%emt 0:00:00]} 9. h4 {[%emt 0:00:00]} Rc8 {[%emt 0:
00:00]} 10. Nxc6 {[%emt 0:00:00]} Bxc6 {[%emt 0:00:00]} 11. Qd4 {[%emt 0:00:00]
} Be7 {[%emt 0:00:00]} 12. h5 {[%emt 0:00:00]} h6 {[%emt 0:00:00]} 13. Bh4 {
[%emt 0:00:00]} Qa5 {[%emt 0:00:00]} 14. Bf3 {[%emt 0:00:00]} Qc5 {[%emt 0:00:
00]} 15. Qxc5 {[%emt 0:00:00]} dxc5 {[%emt 0:00:00]} 16. O-O-O {[%emt 0:00:00]}
1/2-1/2

[Event "Otvoreno prvenstvo Paraæina za 2012. god"]
[Site "DCK - Paraæin"]
[Date "2012.01.22"]
[Round "4.7"]
[White "Vebel, Goran"]
[Black "Mladenovic, Stefan"]
[Result "0-1"]
[WhiteElo "2123"]
[BlackElo "2181"]
[PlyCount "52"]
[EventDate "2012.01.20"]

1. d4 {[%emt 0:00:00]} Nf6 {[%emt 0:00:00]} 2. c4 {[%emt 0:00:00]} e6 {[%emt 0:
00:00]} 3. Nc3 {[%emt 0:00:00]} Bb4 {[%emt 0:00:00]} 4. a3 {[%emt 0:00:00]}
Bxc3+ {[%emt 0:00:00]} 5. bxc3 {[%emt 0:00:00]} c5 {[%emt 0:00:00]} 6. e3 {
[%emt 0:00:00]} O-O {[%emt 0:00:00]} 7. Bd3 {[%emt 0:00:00]} b6 {[%emt 0:00:00]
} 8. e4 {[%emt 0:00:00]} Ne8 {[%emt 0:00:00]} 9. Qh5 {[%emt 0:00:00]} f5 {
[%emt 0:00:00]} 10. exf5 {[%emt 0:00:00]} exf5 {[%emt 0:00:00]} 11. Bxf5 {
[%emt 0:00:00]} Nf6 {[%emt 0:00:00]} 12. Bxh7+ {[%emt 0:00:00]} Kh8 {[%emt 0:
00:00]} 13. Qf3 {[%emt 0:00:00]} Nxh7 {[%emt 0:00:00]} 14. Qxa8 {[%emt 0:00:00]
} Qe7+ {[%emt 0:00:00]} 15. Ne2 {[%emt 0:00:00]} Nc6 {[%emt 0:00:00]} 16. d5 {
[%emt 0:00:00]} Ba6 {[%emt 0:00:00]} 17. Qxf8+ {[%emt 0:00:00]} Nxf8 {[%emt 0:
00:00]} 18. dxc6 {[%emt 0:00:00]} Bxc4 {[%emt 0:00:00]} 19. Be3 {[%emt 0:00:00]
} dxc6 {[%emt 0:00:00]} 20. Rd1 {[%emt 0:00:00]} Ng6 {[%emt 0:00:00]} 21. Rd2 {
[%emt 0:00:00]} Qe4 {[%emt 0:00:00]} 22. Rd8+ {[%emt 0:00:00]} Kh7 {[%emt 0:00:
00]} 23. h4 {[%emt 0:00:00]} Qxg2 {[%emt 0:00:00]} 24. Rg1 {[%emt 0:00:00]} Qf3
{[%emt 0:00:00]} 25. Nc1 {[%emt 0:00:00]} Ne5 {[%emt 0:00:00]} 26. Kd2 {[%emt
0:00:00]} Qf6 {[%emt 0:00:00]} 0-1

[Event "Otvoreno prvenstvo Paraæina za 2012. god"]
[Site "DCK - Paraæin"]
[Date "2012.01.22"]
[Round "4.8"]
[White "Zajic, Milan"]
[Black "Zivkovic, Zivojin"]
[Result "0-1"]
[WhiteElo "2142"]
[BlackElo "1979"]
[PlyCount "72"]
[EventDate "2012.01.20"]

1. c4 {[%emt 0:00:00]} Nf6 {[%emt 0:00:00]} 2. Nc3 {[%emt 0:00:00]} c5 {[%emt
0:00:00]} 3. g3 {[%emt 0:00:00]} g6 {[%emt 0:00:00]} 4. Bg2 {[%emt 0:00:00]}
Bg7 {[%emt 0:00:00]} 5. e4 {[%emt 0:00:00]} Nc6 {[%emt 0:00:00]} 6. Nge2 {
[%emt 0:00:00]} e5 {[%emt 0:00:00]} 7. O-O {[%emt 0:00:00]} O-O {[%emt 0:00:00]
} 8. f4 {[%emt 0:00:00]} exf4 {[%emt 0:00:00]} 9. gxf4 {[%emt 0:00:00]} d6 {
[%emt 0:00:00]} 10. d3 {[%emt 0:00:00]} Rb8 {[%emt 0:00:00]} 11. h3 {[%emt 0:
00:00]} a6 {[%emt 0:00:00]} 12. Be3 {[%emt 0:00:00]} Bd7 {[%emt 0:00:00]} 13.
a4 {[%emt 0:00:00]} Nh5 {[%emt 0:00:00]} 14. f5 {[%emt 0:00:00]} Nd4 {[%emt 0:
00:00]} 15. Bxd4 {[%emt 0:00:00]} cxd4 {[%emt 0:00:00]} 16. Nd5 {[%emt 0:00:00]
} Be5 {[%emt 0:00:00]} 17. Qd2 {[%emt 0:00:00]} Kh8 {[%emt 0:00:00]} 18. Qh6 {
[%emt 0:00:00]} Bg7 {[%emt 0:00:00]} 19. Qd2 {[%emt 0:00:00]} Qh4 {[%emt 0:00:
00]} 20. Nb6 {[%emt 0:00:00]} Rbd8 {[%emt 0:00:00]} 21. Qe1 {[%emt 0:00:00]}
Qg5 {[%emt 0:00:00]} 22. Rf3 {[%emt 0:00:00]} Be5 {[%emt 0:00:00]} 23. Rd1 {
[%emt 0:00:00]} Rg8 {[%emt 0:00:00]} 24. Qf2 {[%emt 0:00:00]} Qf6 {[%emt 0:00:
00]} 25. fxg6 {[%emt 0:00:00]} Qxg6 {[%emt 0:00:00]} 26. Nxd7 {[%emt 0:00:00]}
Rxd7 {[%emt 0:00:00]} 27. Kh1 {[%emt 0:00:00]} Ng7 {[%emt 0:00:00]} 28. Nxd4 {
[%emt 0:00:00]} Ne6 {[%emt 0:00:00]} 29. Nxe6 {[%emt 0:00:00]} fxe6 {[%emt 0:
00:00]} 30. d4 {[%emt 0:00:00]} Bg3 {[%emt 0:00:00]} 31. Qe2 {[%emt 0:00:00]}
e5 {[%emt 0:00:00]} 32. dxe5 {[%emt 0:00:00]} Bxe5 {[%emt 0:00:00]} 33. Rd2 {
[%emt 0:00:00]} Rdg7 {[%emt 0:00:00]} 34. Qe3 {[%emt 0:00:00]} Qe6 {[%emt 0:00:
00]} 35. b3 {[%emt 0:00:00]} Rg3 {[%emt 0:00:00]} 36. Rdf2 {[%emt 0:00:00]}
Qxh3+ {[%emt 0:00:00]} 0-1

[Event "Otvoreno prvenstvo Paraæina za 2012. god"]
[Site "DCK - Paraæin"]
[Date "2012.01.22"]
[Round "4.9"]
[White "Velikic, Vule"]
[Black "Novoselski, Zoran"]
[Result "0-1"]
[WhiteElo "1828"]
[BlackElo "2389"]
[PlyCount "82"]
[EventDate "2012.01.20"]

1. d4 {[%emt 0:00:00]} Nf6 {[%emt 0:00:00]} 2. Nf3 {[%emt 0:00:00]} c5 {[%emt
0:00:00]} 3. d5 {[%emt 0:00:00]} e6 {[%emt 0:00:00]} 4. Nc3 {[%emt 0:00:00]} d6
{[%emt 0:00:00]} 5. e4 {[%emt 0:00:00]} a6 {[%emt 0:00:00]} 6. a4 {[%emt 0:00:
00]} Be7 {[%emt 0:00:00]} 7. Bd3 {[%emt 0:00:00]} exd5 {[%emt 0:00:00]} 8. exd5
{[%emt 0:00:00]} Bg4 {[%emt 0:00:00]} 9. h3 {[%emt 0:00:00]} Bh5 {[%emt 0:00:
00]} 10. Bf4 {[%emt 0:00:00]} O-O {[%emt 0:00:00]} 11. O-O {[%emt 0:00:00]}
Nbd7 {[%emt 0:00:00]} 12. Re1 {[%emt 0:00:00]} Re8 {[%emt 0:00:00]} 13. Re3 {
[%emt 0:00:00]} Bf8 {[%emt 0:00:00]} 14. Qe2 {[%emt 0:00:00]} Qb6 {[%emt 0:00:
00]} 15. g4 {[%emt 0:00:00]} Rxe3 {[%emt 0:00:00]} 16. Qxe3 {[%emt 0:00:00]}
Re8 {[%emt 0:00:00]} 17. Qd2 {[%emt 0:00:00]} Bg6 {[%emt 0:00:00]} 18. Bxg6 {
[%emt 0:00:00]} hxg6 {[%emt 0:00:00]} 19. a5 {[%emt 0:00:00]} Qc7 {[%emt 0:00:
00]} 20. Ng5 {[%emt 0:00:00]} Ne5 {[%emt 0:00:00]} 21. b3 {[%emt 0:00:00]} Nfd7
{[%emt 0:00:00]} 22. Kg2 {[%emt 0:00:00]} Be7 {[%emt 0:00:00]} 23. Nge4 {[%emt
0:00:00]} f6 {[%emt 0:00:00]} 24. f3 {[%emt 0:00:00]} Bd8 {[%emt 0:00:00]} 25.
Ne2 {[%emt 0:00:00]} Nf8 {[%emt 0:00:00]} 26. Ra4 {[%emt 0:00:00]} Qd7 {[%emt
0:00:00]} 27. Bg3 {[%emt 0:00:00]} Nf7 {[%emt 0:00:00]} 28. Nf4 {[%emt 0:00:00]
} f5 {[%emt 0:00:00]} 29. Nf2 {[%emt 0:00:00]} Bf6 {[%emt 0:00:00]} 30. N2d3 {
[%emt 0:00:00]} Bd4 {[%emt 0:00:00]} 31. Bf2 {[%emt 0:00:00]} Bxf2 {[%emt 0:00:
00]} 32. Kxf2 {[%emt 0:00:00]} Qe7 {[%emt 0:00:00]} 33. Ng2 {[%emt 0:00:00]}
Qf6 {[%emt 0:00:00]} 34. c3 {[%emt 0:00:00]} Nd7 {[%emt 0:00:00]} 35. Ndf4 {
[%emt 0:00:00]} Nde5 {[%emt 0:00:00]} 36. Ne6 {[%emt 0:00:00]} g5 {[%emt 0:00:
00]} 37. Ne3 {[%emt 0:00:00]} fxg4 {[%emt 0:00:00]} 38. f4 {[%emt 0:00:00]}
gxh3 {[%emt 0:00:00]} 39. Kg3 {[%emt 0:00:00]} gxf4+ {[%emt 0:00:00]} 40. Rxf4
{[%emt 0:00:00]} Qg6+ {[%emt 0:00:00]} 41. Kh2 {[%emt 0:00:00]} Ng5 {[%emt 0:
00:00]} 0-1

[Event "Otvoreno prvenstvo Paraæina za 2012. god"]
[Site "DCK - Paraæin"]
[Date "2012.01.22"]
[Round "4.10"]
[White "Pavlovic, Slobodan Z"]
[Black "Cvetanovic, Uros"]
[Result "0-1"]
[WhiteElo "1823"]
[BlackElo "2214"]
[PlyCount "90"]
[EventDate "2012.01.20"]

1. e4 {[%emt 0:00:00]} c5 {[%emt 0:00:00]} 2. Nf3 {[%emt 0:00:00]} d6 {[%emt 0:
00:00]} 3. d4 {[%emt 0:00:00]} cxd4 {[%emt 0:00:00]} 4. Nxd4 {[%emt 0:00:00]}
Nf6 {[%emt 0:00:00]} 5. Nc3 {[%emt 0:00:00]} g6 {[%emt 0:00:00]} 6. Bc4 {[%emt
0:00:00]} Bg7 {[%emt 0:00:00]} 7. Be3 {[%emt 0:00:00]} Nc6 {[%emt 0:00:00]} 8.
Nf3 {[%emt 0:00:00]} O-O {[%emt 0:00:00]} 9. Qd2 {[%emt 0:00:00]} Bd7 {[%emt 0:
00:00]} 10. h4 {[%emt 0:00:00]} h5 {[%emt 0:00:00]} 11. Bh6 {[%emt 0:00:00]}
Qb6 {[%emt 0:00:00]} 12. Bxg7 {[%emt 0:00:00]} Kxg7 {[%emt 0:00:00]} 13. O-O-O
{[%emt 0:00:00]} Bg4 {[%emt 0:00:00]} 14. Rdg1 {[%emt 0:00:00]} Rac8 {[%emt 0:
00:00]} 15. Kb1 {[%emt 0:00:00]} Na5 {[%emt 0:00:00]} 16. Bb3 {[%emt 0:00:00]}
Nc4 {[%emt 0:00:00]} 17. Bxc4 {[%emt 0:00:00]} Rxc4 {[%emt 0:00:00]} 18. e5 {
[%emt 0:00:00]} dxe5 {[%emt 0:00:00]} 19. Nxe5 {[%emt 0:00:00]} Rb4 {[%emt 0:
00:00]} 20. Ka1 {[%emt 0:00:00]} Rd8 {[%emt 0:00:00]} 21. Qc1 {[%emt 0:00:00]}
Be6 {[%emt 0:00:00]} 22. Re1 {[%emt 0:00:00]} Rc8 {[%emt 0:00:00]} 23. g4 {
[%emt 0:00:00]} Nxg4 {[%emt 0:00:00]} 24. Nxg4 {[%emt 0:00:00]} Rxg4 {[%emt 0:
00:00]} 25. f3 {[%emt 0:00:00]} Rb4 {[%emt 0:00:00]} 26. Rhg1 {[%emt 0:00:00]}
Rxc3 {[%emt 0:00:00]} 27. bxc3 {[%emt 0:00:00]} Ra4 {[%emt 0:00:00]} 28. Rxe6 {
[%emt 0:00:00]} Qxe6 {[%emt 0:00:00]} 29. Qb2 {[%emt 0:00:00]} Qf6 {[%emt 0:00:
00]} 30. Rd1 {[%emt 0:00:00]} Qxf3 {[%emt 0:00:00]} 31. c4+ {[%emt 0:00:00]}
Qf6 {[%emt 0:00:00]} 32. c3 {[%emt 0:00:00]} Rxc4 {[%emt 0:00:00]} 33. Rc1 {
[%emt 0:00:00]} b5 {[%emt 0:00:00]} 34. Qb3 {[%emt 0:00:00]} a6 {[%emt 0:00:00]
} 35. Kb2 {[%emt 0:00:00]} Qxh4 {[%emt 0:00:00]} 36. Ka3 {[%emt 0:00:00]} Qf2 {
[%emt 0:00:00]} 37. Rc2 {[%emt 0:00:00]} Qc5+ {[%emt 0:00:00]} 38. Kb2 {[%emt
0:00:00]} a5 {[%emt 0:00:00]} 39. a3 {[%emt 0:00:00]} h4 {[%emt 0:00:00]} 40.
Rg2 {[%emt 0:00:00]} b4 {[%emt 0:00:00]} 41. axb4 {[%emt 0:00:00]} axb4 {[%emt
0:00:00]} 42. Ka1 {[%emt 0:00:00]} Rxc3 {[%emt 0:00:00]} 43. Qb2 {[%emt 0:00:
00]} Qa5+ {[%emt 0:00:00]} 44. Kb1 {[%emt 0:00:00]} Qa3 {[%emt 0:00:00]} 45.
Rxg6+ {[%emt 0:00:00]} fxg6 {[%emt 0:00:00]} 0-1

[Event "Otvoreno prvenstvo Paraæina za 2012. god"]
[Site "DCK - Paraæin"]
[Date "2012.01.22"]
[Round "4.11"]
[White "Milosavljevic, Delimir"]
[Black "Stefanovic, Vladimir"]
[Result "0-1"]
[WhiteElo "1804"]
[BlackElo "2187"]
[PlyCount "64"]
[EventDate "2012.01.20"]

1. c4 {[%emt 0:00:00]} g6 {[%emt 0:00:00]} 2. Nc3 {[%emt 0:00:00]} Bg7 {[%emt
0:00:00]} 3. Nf3 {[%emt 0:00:00]} d6 {[%emt 0:00:00]} 4. g3 {[%emt 0:00:00]} c5
{[%emt 0:00:00]} 5. d3 {[%emt 0:00:00]} Nc6 {[%emt 0:00:00]} 6. Bg2 {[%emt 0:
00:00]} Nf6 {[%emt 0:00:00]} 7. O-O {[%emt 0:00:00]} O-O {[%emt 0:00:00]} 8. e3
{[%emt 0:00:00]} a6 {[%emt 0:00:00]} 9. a3 {[%emt 0:00:00]} Rb8 {[%emt 0:00:00]
} 10. Bd2 {[%emt 0:00:00]} b5 {[%emt 0:00:00]} 11. cxb5 {[%emt 0:00:00]} axb5 {
[%emt 0:00:00]} 12. Rc1 {[%emt 0:00:00]} b4 {[%emt 0:00:00]} 13. axb4 {[%emt 0:
00:00]} Nxb4 {[%emt 0:00:00]} 14. Ne1 {[%emt 0:00:00]} Ba6 {[%emt 0:00:00]} 15.
Na4 {[%emt 0:00:00]} Nxd3 {[%emt 0:00:00]} 16. Nxd3 {[%emt 0:00:00]} Bxd3 {
[%emt 0:00:00]} 17. Re1 {[%emt 0:00:00]} Be4 {[%emt 0:00:00]} 18. f3 {[%emt 0:
00:00]} Bc6 {[%emt 0:00:00]} 19. b3 {[%emt 0:00:00]} Qd7 {[%emt 0:00:00]} 20.
e4 {[%emt 0:00:00]} Qb7 {[%emt 0:00:00]} 21. Rb1 {[%emt 0:00:00]} c4 {[%emt 0:
00:00]} 22. Be3 {[%emt 0:00:00]} cxb3 {[%emt 0:00:00]} 23. Nb6 {[%emt 0:00:00]}
d5 {[%emt 0:00:00]} 24. exd5 {[%emt 0:00:00]} Nxd5 {[%emt 0:00:00]} 25. Qxb3 {
[%emt 0:00:00]} Nxe3 {[%emt 0:00:00]} 26. Qxe3 {[%emt 0:00:00]} Rfd8 {[%emt 0:
00:00]} 27. Nd5 {[%emt 0:00:00]} Qxb1 {[%emt 0:00:00]} 28. Nxe7+ {[%emt 0:00:
00]} Kh8 {[%emt 0:00:00]} 29. Nxc6 {[%emt 0:00:00]} Rd1 {[%emt 0:00:00]} 30.
Rxd1 {[%emt 0:00:00]} Qxd1+ {[%emt 0:00:00]} 31. Bf1 {[%emt 0:00:00]} Qd6 {
[%emt 0:00:00]} 32. Qf4 {[%emt 0:00:00]} Qc5+ {[%emt 0:00:00]} 0-1

[Event "Otvoreno prvenstvo Paraæina za 2012. go"]
[Site "DCK - Paraæin"]
[Date "2012.01.22"]
[Round "4.12"]
[White "Colovic, Zoran"]
[Black "Antonijevic, Milutin"]
[Result "1-0"]
[WhiteElo "2168"]
[BlackElo "1802"]
[PlyCount "87"]
[EventDate "2012.01.20"]

1. e4 {[%emt 0:00:00]} c5 2. c3 e6 3. Nf3 d5 4. e5 Nc6 5. d4 Nge7 6. dxc5 Ng6
7. Be3 Ngxe5 8. Nxe5 Nxe5 9. Nd2 a6 10. Be2 Be7 11. Bd4 Bf6 12. O-O Nc6 13. Nf3
O-O 14. h3 Re8 15. Bxf6 Qxf6 16. Qd2 Rb8 17. b4 Ne5 18. Nd4 Bd7 19. a4 Rec8 20.
f4 Nc6 21. b5 axb5 22. axb5 Ne7 23. Nf3 Ra8 24. Qd4 Qxd4+ 25. cxd4 Nf5 26. Bd3
Ne3 27. Rfc1 Nc4 28. b6 Ba4 29. Bxc4 dxc4 30. Nd2 Bb5 31. Rxa8 Rxa8 32. Nxc4
Bc6 33. Ne5 Bd5 34. c6 f6 35. c7 Rc8 36. Nc4 Bxc4 37. Rxc4 Kf7 38. Ra4 Ke7 39.
Ra7 Kd7 40. Rxb7 Kc6 41. Rb8 Kd7 42. Kf2 g6 43. Ke3 h6 44. Ke4 1-0

[Event "Otvoreno prvenstvo Paraæina za 2012. god"]
[Site "DCK - Paraæin"]
[Date "2012.01.22"]
[Round "4.13"]
[White "Ivic, Matija"]
[Black "Lazic, Milan B"]
[Result "1/2-1/2"]
[WhiteElo "1665"]
[BlackElo "2098"]
[PlyCount "30"]
[EventDate "2012.01.20"]

1. Nf3 {[%emt 0:00:00]} c5 {[%emt 0:00:00]} 2. c4 {[%emt 0:00:00]} Nc6 {[%emt
0:00:00]} 3. Nc3 {[%emt 0:00:00]} g6 {[%emt 0:00:00]} 4. g3 {[%emt 0:00:00]}
Bg7 {[%emt 0:00:00]} 5. Bg2 {[%emt 0:00:00]} Nf6 {[%emt 0:00:00]} 6. O-O {
[%emt 0:00:00]} O-O {[%emt 0:00:00]} 7. d4 {[%emt 0:00:00]} cxd4 {[%emt 0:00:
00]} 8. Nxd4 {[%emt 0:00:00]} d6 {[%emt 0:00:00]} 9. Nxc6 {[%emt 0:00:00]} bxc6
{[%emt 0:00:00]} 10. Bxc6 {[%emt 0:00:00]} Rb8 {[%emt 0:00:00]} 11. Bg2 {[%emt
0:00:00]} Qa5 {[%emt 0:00:00]} 12. Nb5 {[%emt 0:00:00]} a6 {[%emt 0:00:00]} 13.
Bd2 {[%emt 0:00:00]} Qd8 {[%emt 0:00:00]} 14. Nd4 {[%emt 0:00:00]} Bb7 {[%emt
0:00:00]} 15. Bxb7 {[%emt 0:00:00]} Rxb7 {[%emt 0:00:00]} 1/2-1/2

[Event "Otvoreno prvenstvo Paraæina za 2012. god"]
[Site "DCK - Paraæin"]
[Date "2012.01.22"]
[Round "4.14"]
[White "Arabdjelovic, Aleksandar Z"]
[Black "Zajic, Milun"]
[Result "0-1"]
[WhiteElo "2066"]
[BlackElo "1809"]
[PlyCount "66"]
[EventDate "2012.01.20"]

1. Nf3 {[%emt 0:00:00]} Nf6 {[%emt 0:00:00]} 2. d4 {[%emt 0:00:00]} g6 {[%emt
0:00:00]} 3. c4 {[%emt 0:00:00]} Bg7 {[%emt 0:00:00]} 4. Nc3 {[%emt 0:00:00]}
O-O {[%emt 0:00:00]} 5. e4 {[%emt 0:00:00]} d6 {[%emt 0:00:00]} 6. h3 {[%emt 0:
00:00]} b6 {[%emt 0:00:00]} 7. Bd3 {[%emt 0:00:00]} Nfd7 {[%emt 0:00:00]} 8.
O-O {[%emt 0:00:00]} c5 {[%emt 0:00:00]} 9. Bg5 {[%emt 0:00:00]} Bb7 {[%emt 0:
00:00]} 10. Nb5 {[%emt 0:00:00]} h6 {[%emt 0:00:00]} 11. Be3 {[%emt 0:00:00]}
Nc6 {[%emt 0:00:00]} 12. Bc2 {[%emt 0:00:00]} a6 {[%emt 0:00:00]} 13. Nc3 {
[%emt 0:00:00]} e5 {[%emt 0:00:00]} 14. dxc5 {[%emt 0:00:00]} dxc5 {[%emt 0:00:
00]} 15. Qd2 {[%emt 0:00:00]} Kh7 {[%emt 0:00:00]} 16. Nd5 {[%emt 0:00:00]} Nd4
{[%emt 0:00:00]} 17. Bxd4 {[%emt 0:00:00]} exd4 {[%emt 0:00:00]} 18. Ba4 {
[%emt 0:00:00]} Bxd5 {[%emt 0:00:00]} 19. exd5 {[%emt 0:00:00]} b5 {[%emt 0:00:
00]} 20. cxb5 {[%emt 0:00:00]} Nb6 {[%emt 0:00:00]} 21. Bd1 {[%emt 0:00:00]}
axb5 {[%emt 0:00:00]} 22. Be2 {[%emt 0:00:00]} c4 {[%emt 0:00:00]} 23. Rfd1 {
[%emt 0:00:00]} d3 {[%emt 0:00:00]} 24. Bf1 {[%emt 0:00:00]} Qxd5 {[%emt 0:00:
00]} 25. a3 {[%emt 0:00:00]} Na4 {[%emt 0:00:00]} 26. Rab1 {[%emt 0:00:00]}
Nxb2 {[%emt 0:00:00]} 27. Rdc1 {[%emt 0:00:00]} c3 {[%emt 0:00:00]} 28. Rxc3 {
[%emt 0:00:00]} Bxc3 {[%emt 0:00:00]} 29. Qxc3 {[%emt 0:00:00]} Nc4 {[%emt 0:
00:00]} 30. Bxd3 {[%emt 0:00:00]} Rfc8 {[%emt 0:00:00]} 31. Rb4 {[%emt 0:00:00]
} Rxa3 {[%emt 0:00:00]} 32. Qf6 {[%emt 0:00:00]} Rxd3 {[%emt 0:00:00]} 33. Rxb5
{[%emt 0:00:00]} Rd1+ {[%emt 0:00:00]} 0-1